| 000 | 00519nam a22001937a 4500 | ||
|---|---|---|---|
| 001 | 3208 | ||
| 003 | BD-RjUL | ||
| 005 | 20211208233708.0 | ||
| 008 | 131218s1980 uk ||||| |||| 00| 0 eng d | ||
| 035 | _a(BD-RjUL) | ||
| 040 |
_aBD-RjUL _beng _cBD-RjUL |
||
| 041 | _aeng | ||
| 082 |
_221 _a658.155 _bEDF |
||
| 100 |
_aEdmister, Robert O _910148 |
||
| 245 |
_aFinancial institutions : _bmarkets and management/ |
||
| 260 |
_aNew York : _bMcGraw-Hill, _c©1980. |
||
| 300 |
_axx, 533 p. : _bill. ; _c24 cm. |
||
| 942 |
_2ddc _cBK |
||
| 999 |
_c3208 _d3208 |
||